Villes de France en D - Statistiques

Statistiques générales
  • Ce quiz a été pris 161 fois
  • Le résultat moyen est 8 sur 15
Statistiques - réponses
Indices Villes % Correct
Quelle ville est souvent associée à la plus plus au Nord de la France ? Dunkerque
97%
Quelle ville bourguignonne de 150 000 habitants est la préfecture de Côte-d'Or ? Dijon
93%
Quelle ville normande créée au XIXème siècle, est un lieu de tourisme huppé ? Deauville
76%
Quelle ville nordiste, forme une métropole avec Lens ? Douai
70%
Quelle ville est la sous préfecture des Landes ? Dax
66%
Quelle ville portuaire est l'une des deux sous-préfectures de Seine-Maritime ? Dieppe
64%
Quelle ville francilienne abrite un mémorial de la Shoah ? Drancy
54%
Quelle ville d'eau est la préfecture des Alpes-de-Haute-Provence ? Digne-les-Bains
50%
Quelle ville d'Eure-et-Loir est connue pour avoir vu séjourner Jean Moulin ? Dreux
45%
Quelle ville varoise marque la limite sud des Gorges du Verdon ? Draguignan
43%
Dans quelle ville bretonne se tient le Festival du film Britannique ? Dinard
38%
Quelle ville bretonne est connue pour la création du Kouign-Amann Douarnenez
35%
Quelle ville était le chef-lieu de Mayotte jusqu'en 2023 ? Dzaoudzi
15%
Quelle ville est la deuxième plus peuplée de Nouvelle-Calédonie ? Dumbéa
7%
Quelle ville de l'agglomération d'Annonay, est à proximité du Zoo de Peaugres ? Davézieux
4%
Aucun quiz correspondant
Distribution des résultats
% des personnes avec chaque résultat
Percentile par nombre de réponses
Votre historique - résultats
Vous n’avez pas pris ce quiz